Mobilné energetické prostriedky 2 mechanizmy vozidiel

Enregistré dans:
Détails bibliographiques
Auteur principal: Semetko, Jozef
Format: Livre
Langue:slovaque
Publié: Bratislava Príroda 1985
Collection:Mechanizácia poľnohospodárstva a výstavby
Tags: Ajouter un tag
Pas de tags, Soyez le premier à ajouter un tag!

MARC

LEADER 00000nam a2200000 4500
001 c106131
005 20221220082011.8
041 0 |a slo 
044 |a SK 
245 1 0 |a Mobilné energetické prostriedky 2  |b mechanizmy vozidiel  |c Jozef Semetko a kol. 
264 1 |a Bratislava  |b Príroda  |c 1985 
300 |a 363 s. 
490 1 |a Mechanizácia poľnohospodárstva a výstavby 
830 0 |a Mechanizácia poľnohospodárstva a výstavby 
100 1 |a Semetko, Jozef